Państwa - rozsypanka literowa - Statystyki

Ogólne statystyki
  • Ten quiz został rozwiązany 16 razy
  • Średni wynik to 12 z 15
Statystyki odpowiedzi
Hint Odpowiedź % Poprawnych
aaiabln Albania
100%
ijpanao Japonia
100%
tjukwe Kuwejt
100%
oomark Maroko
100%
moan Oman
100%
aploks Polska
100%
ysant jdenozoc Stany Zjednoczone
94%
cgacrej Grecja
88%
wagrpaja Paragwaj
88%
uiaatlsra Australia
75%
nwaieg kówiwaron Gwinea równikowa
69%
kubseiatzn Uzbekistan
69%
irlbeai Liberia
63%
liinasda Islandia
56%
uaimutsr Mauritius
19%
Nie znaleziono quizów pasujących do podanych kryteriów
Rozkład punktacji
Procent ludzi z każdym wynikiem
Percentyl według liczby udzielonych odpowiedzi
Twoja historia wyników
Nie rozwiązałeś tego quizu